| Поле | Инд. | ПП | Название | Значение |
|---|---|---|---|---|
| Тип записи | a | |||
| Библиографический уровень | m | |||
| 001 | Контрольный номер | b18b06563de94aaab8faf54235ab7d84 | ||
| 003 | 41d1c6e17ceb4773a0a7b2986ccb9934 | |||
| 005 | Дата корректировки | 20191227162658.5 | ||
| 008 | Кодируемые данные | s1990 ru |||||||||||000|||rus|d | ||
| 020 | c | Цена, тираж | 0-95 | |
| 040 | b | Код языка каталог. | rus | |
| 040 | a | Служба первич. каталог. | ЦГБ г.В.Луки | |
| c | Служба, преобразующая запись | РК-16(3) | ||
| 041 | 0_ | a | Код языка текста | rus |
| 084 | 2 | Источник индекса | rubbk | |
| a | Индекс другой классификации/Индекс ББК | 75.0 | ||
| 090 | a | Полочн. индекс | 75.0 | |
| x | Авторский знак | Б 77 | ||
| c | Каталожный индекс | 75.0 | ||
| e | Инвентарный номер (DOS) | 61940-1; 61940-2; 61940-3; 61940-4 | ||
| f | Сигла хранения (DOS) | влг-ЦБ; влг-ЦБ; влг-ЦБ; влг-1 | ||
| j | Имя библиотеки | ЦГБ г. В.Луки | ||
| 091 | a | Индекс ББК (DOS) | 75.0+57.0 | |
| 100 | 1_ | a | Автор | Бойко А. Ф. |
| 245 | 10 | a | Заглавие | Не ждите Первого Звонка! |
| 260 | a | Место издания | Москва | |
| b | Издательство | Физкультура и спорт | ||
| c | Дата издания | 1990 | ||
| 300 | a | Объем | 206 с. | |
| 990 | b | Заказано (DOS) | ЦБ 61940-1,2,3 Ф1 61940-4 |